History Quiz

Random History or Country Quiz
Score 0/20 Timer 07:00
0 Plays Today
% Correct
France
99.8%
Japan
89.7%
Israel
89.2%
South Korea
87.7%
United Kingdom
85.5%
Italy
83%
Greece
81.3%
Ireland
81.2%
Germany
81%
South Africa
72.3%
% Correct
Brazil
67.7%
Austria
60.8%
Taiwan
53.5%
Tunisia
52.2%
New Zealand
51.8%
Canada
51.7%
Finland
37.2%
Australia
35%
Czechia
34.5%
Lithuania
32.3%
Remove Ads.
Support Sporcle.
Get the best of Sporcle when you Go Orange. This ad-free experience offers more features, more stats, and more fun while also helping to support Sporcle. Thank you for becoming a member.

You're not logged in!

Compare scores with friends on all Sporcle quizzes.
OR
Log In

Sporcle TV

Today on Sporcle TV


Watch our educational content, quiz creation guides, and fun videos on Sporcle TV.

Show Comments

Extras

Top Quizzes Today


Score Distribution

Paid Content

Your Account Isn't Verified!

In order to create a playlist on Sporcle, you need to verify the email address you used during registration. Go to your Sporcle Settings to finish the process.

Report this User

Report this user for behavior that violates our Community Guidelines.

Details: